[Event "European Senior Team Championship 2021"]
[Site "Don Giovanni hotel, Vinohradska 2733, Prague, Czech Republic"]
[Date "2021.09.07"]
[Round "9"]
[Board "4"]
[White "Konopka, Michal"]
[Black "Danek, Pavel"]
[Result "1-0"]
[WhiteElo "2368"]
[BlackElo "1870"]
[PlyCount "0"]
[EventDate "2021.08.30"]
[EventType "team"]
[EventRounds "9"]
[EventCountry "ECX"]
[WhiteTeam "CZECH REPUBLIC"]
[BlackTeam "SK BOHEMIA PARDUBICE"]

1. Nf3 {[%clk 1:31:00]} d5 {[%clk 1:29:57]} 2. d4 {[%clk 1:30:13]} c6
{[%clk 1:29:21]} 3. Bg5 {[%clk 1:23:38]} Nf6 {[%clk 1:25:48]} 4. Nbd2
{[%clk 1:16:42]} Bg4 {[%clk 1:24:20]} 5. e3 {[%clk 1:13:12]} Nbd7
{[%clk 1:21:54]} 6. Be2 {[%clk 1:13:29]} e6 {[%clk 1:21:33]} 7. O-O
{[%clk 1:13:10]} Be7 {[%clk 1:20:21]} 8. c4 {[%clk 1:12:56]} O-O {[%clk 1:20:02]}
9. h3 {[%clk 1:12:17]} Bxf3 {[%clk 1:19:24]} 10. Bxf3 {[%clk 1:11:52]} h6
{[%clk 1:16:10]} 11. Bf4 {[%clk 1:11:46]} Nh7 {[%clk 1:11:58]} 12. Qb3
{[%clk 1:06:20]} Qb6 {[%clk 1:11:02]} 13. Qc2 {[%clk 1:06:20]} f5
{[%clk 1:06:29]} 14. g4 {[%clk 0:57:05]} Ng5 {[%clk 1:01:42]} 15. Bg2
{[%clk 0:45:05]} fxg4 {[%clk 0:48:35]} 16. hxg4 {[%clk 0:45:09]} Rf6
{[%clk 0:44:47]} 17. Bg3 {[%clk 0:39:50]} Qd8 {[%clk 0:29:37]} 18. f4
{[%clk 0:35:46]} Nh7 {[%clk 0:27:05]} 19. e4 {[%clk 0:25:01]} Nb6
{[%clk 0:24:10]} 20. cxd5 {[%clk 0:15:07]} cxd5 {[%clk 0:22:55]} 21. e5
{[%clk 0:15:32]} Rf7 {[%clk 0:19:06]} 22. f5 {[%clk 0:15:41]} Bg5
{[%clk 0:13:57]} 23. fxe6 {[%clk 0:11:47]} Rxf1+ {[%clk 0:13:07]} 24. Rxf1
{[%clk 0:10:42]} Be3+ {[%clk 0:10:07]} 25. Bf2 {[%clk 0:05:49]} Rc8
{[%clk 0:08:27]} 26. Qd3 {[%clk 0:05:49]} Bxf2+ {[%clk 0:08:00]} 27. Rxf2
{[%clk 0:06:10]} Ng5 {[%clk 0:06:49]} 28. Nf1 {[%clk 0:04:30]} Qe7
{[%clk 0:06:17]} 29. Ne3 {[%clk 0:04:14]} Rc1+ {[%clk 0:03:13]} 30. Rf1
{[%clk 0:03:49]} Rxf1+ {[%clk 0:03:10]} 31. Kxf1 {[%clk 0:03:11]} Qxe6
{[%clk 0:01:27]} 32. a4 {[%clk 0:03:21]} Qf7+ {[%clk 0:01:34]} 33. Qf5
{[%clk 0:02:11]} Qc7 {[%clk 0:01:24]} 34. Qc2 {[%clk 0:01:32]} Qf7+
{[%clk 0:01:42]} 35. Ke2 {[%clk 0:01:05]} Qf4 {[%clk 0:01:56]} 36. Qc5
{[%clk 0:01:08]} Ne4 {[%clk 0:01:58]} 37. Bxe4 {[%clk 0:01:20]} dxe4
{[%clk 0:02:14]} 38. Qc3 {[%clk 0:00:48]} Qf3+ {[%clk 0:02:04]} 39. Kd2
{[%clk 0:00:49]} Qf2+ {[%clk 0:00:59]} 40. Kd1 {[%clk 0:00:41]} Kh7
{[%clk 0:01:12]} 41. b3 {[%clk 0:00:32]} Kg6 {[%clk 0:27:31]} 42. d5
{[%clk 0:28:33]} Nd7 {[%clk 0:19:07]} 43. e6 {[%clk 0:27:34]} Nf6
{[%clk 0:18:22]} 44. d6 {[%clk 0:25:15]} Qf3+ {[%clk 0:13:54]} 45. Kc2
{[%clk 0:25:05]} Nxg4 {[%clk 0:11:28]} 46. Nxg4 {[%clk 0:25:03]} Qxg4
{[%clk 0:11:34]} 47. d7 {[%clk 0:24:56]} Qg5 {[%clk 0:10:45]} 48. Qd2
{[%clk 0:23:35]} Qc5+ {[%clk 0:10:47]} 49. Kb2 {[%clk 0:23:32]} Qe5+
{[%clk 0:10:57]} 50. Ka2 {[%clk 0:23:55]}  1-0